Sepintas rahasia hikmat sjari'at Islam, (Record no. 65944)

MARC details
000 -LEADER
fixed length control field 00611cam a22002171 4500
001 - CONTROL NUMBER
control field sa 65008913
003 - CONTROL NUMBER IDENTIFIER
control field DLC
005 - DATE AND TIME OF LATEST TRANSACTION
control field 20260227112158.0
008 - FIXED-LENGTH DATA ELEMENTS--GENERAL INFORMATION
fixed length control field 900117s1964 io 000 0 ind
010 ## - LIBRARY OF CONGRESS CONTROL NUMBER
LC control number sa 65008913
025 ## - OVERSEAS ACQUISITION NUMBER
Overseas acquisition number PL480:Indo-2040
035 ## - SYSTEM CONTROL NUMBER
System control number (OCoLC)20909037
040 ## - CATALOGING SOURCE
Original cataloging agency DLC
Transcribing agency OCoLC
Modifying agency DLC
042 ## - AUTHENTICATION CODE
Authentication code premarc
050 00 - LIBRARY OF CONGRESS CALL NUMBER
Classification number LAW <Indonesia 7 Usma 1964>
100 2# - MAIN ENTRY--PERSONAL NAME
Personal name Usman el Muhammady, T. M.,
Dates associated with a name 1903-
245 10 - TITLE STATEMENT
Title Sepintas rahasia hikmat sjari'at Islam,
Statement of responsibility, etc. oleh T.M. Usman el Muhammady.
260 ## - PUBLICATION, DISTRIBUTION, ETC.
Place of publication, distribution, etc. Djakarta,
Name of publisher, distributor, etc. A. Salim,
Date of publication, distribution, etc. 1964.
300 ## - PHYSICAL DESCRIPTION
Extent 51 p.
Dimensions 17 cm.
650 #0 - SUBJECT ADDED ENTRY--TOPICAL TERM
Topical term or geographic name entry element Islamic law.

No items available.

Powered by Koha